000
00301nam a2200133Ia 4500
005
20251222140112.0
008
251222s1900||||xx |||||||||||||| ||spa||
020
_a
9972825000
082
_a
179.1/S31
100
_a
Scola, Angelo
245
0
_a
¿Qué es la Vida?:
264
_b
Encuentro
942
_c
LIB
999
_c
4362
_d
4362